000 00491nam a2200193Ia 4500
005 20250603145401.0
008 250603s9999 xx 000 0 und d
020 _a9780321416919
050 _aZA 3075 .B34/
100 _aBaeza-Yates, Ricardo
245 0 _aModern information retrieval : the concepts and technology behind search
250 _a2nd ed.
260 _aNew York
260 _bAddison Wesley
260 _c 2011
300 _a913 p
650 _aNew York
942 _cBK
999 _c41701
_d41701